书目信息 |
| 题名: |
丰田制造业真经
|
|
| 作者: | 王国化 编著 | |
| 分册: | ||
| 出版信息: | 北京 北京工业大学出版社 2006.01 |
|
| 页数: | 293页 | |
| 开本: | 23cm | |
| 丛书名: | 世界一流标杆企业丛书 | |
| 单 册: | ||
| 中图分类: | F431.364 | |
| 科图分类: | ||
| 主题词: | 汽车工业--qi che gong ye--工业企业管理--研究--日本 | |
| 电子资源: | ||
| ISBN: | 7-5639-1618-0 | |
| 000 | 00984nam 2200253 450 | |
| 001 | 0634393197 | |
| 005 | 20060525095739.57 | |
| 010 | @a7-5639-1618-0@dCNY29.80 | |
| 099 | @aCAL 012006028186 | |
| 100 | @a20060320d2006 ekmy0chiy0121 ea | |
| 101 | 0 | @achi |
| 102 | @aCN@b110000 | |
| 200 | 1 | @a丰田制造业真经@AFeng Tian Zhi Zao Ye Zhen Jing@e发现世界顶级汽车工业骄子巨额利润的源泉@f王国化编著 |
| 210 | @a北京@c北京工业大学出版社@d2006.01 | |
| 215 | @a293页@c图@d23cm | |
| 225 | 2 | @a世界一流标杆企业丛书@AShi Jie Yi Liu Biao Gan Qi Ye Cong Shu |
| 410 | 0 | @12001 @a世界一流标杆企业丛书 |
| 517 | 1 | @a发现世界顶级汽车工业骄子巨额利润的源泉@AFa Xian Shi Jie Ding Ji Qi Che Gong Ye Jiao Zi Ju E Li Run De Yuan Quan |
| 601 | 02 | @a丰田汽车公司@Afeng tian qi che gong si@x工业企业管理@x研究 |
| 606 | 0 | @a汽车工业@Aqi che gong ye@x工业企业管理@x研究@y日本 |
| 690 | @aF431.364@v4 | |
| 701 | 0 | @a王国化@AWang Guo Hua@4编著 |
| 801 | 0 | @aCN@bHPUL@c20060525 |
| 905 | @a10447@dF431.364@eW192 | |
| 丰田制造业真经:发现世界顶级汽车工业骄子巨额利润的源泉/王国化编著.-北京:北京工业大学出版社,2006.01 |
| 293页:图;23cm.-(世界一流标杆企业丛书) |
| ISBN 7-5639-1618-0:CNY29.80 |
| ● |
| 相关链接 |
|
|
|
正题名:丰田制造业真经
索取号:F431.364/W192
 
预约/预借
| 序号 | 登录号 | 条形码 | 馆藏地/架位号 | 状态 | 备注 |
| 1 | 604674 | 206046740 | 社科库409/409社科库 37排2列4层/ [索取号:F431.364/W192] | 在馆 | |
| 2 | 604675 | 206046759 | 社科二线422/422社科库 11排2列1层/ [索取号:F431.364/W192] | 在馆 |